| 000 | 00519nam a2200169 4500 | ||
|---|---|---|---|
| 001 | 115937 | ||
| 003 | ES-MaACL | ||
| 005 | 20230906190609.0 | ||
| 007 | t| | ||
| 008 | 061121n19201950sp r ||||1| spa d | ||
| 100 | 1 |
_aPancorbo Aragón, Luis. _988749 |
|
| 245 | 1 | 3 |
_aEl antimonio en España / _cpor Luis Pancorbo Aragón. |
| 260 |
_aMadrid : _b[s.n., _c19--?] ( _fGráficas Reunidas) |
||
| 300 |
_a15 p. ; _c32 cm. |
||
| 500 | _aSeparata de la Revista Minería y Metalurgia. | ||
| 852 |
_aES-MaACL _j1678-F-16 _bR.21127 |
||
| 999 |
_c115937 _d115937 |
||